Quizzes
Events
Quiz Creation
Community
Videos
Private Events
Remove Ads
Sign In
Join for FREE
Feedback
Dark Mode
Quiz Categories
Sports
Geography
Music
Movies
Television
Just For Fun
Miscellaneous
History
Literature
Language
Science
Gaming
Entertainment
Religion
Holiday
For Kids
Quiz Lab
Recent
Popular Today
Quiz Kudos Today
Editor Picks
Curator Picks
Quizzes by...
Day
Popularity
Type
Ratings
Length
Year
Community
Subscriptions
Recent Discussions
Orange Saloon
Badges
Playlists
Quests
Create
Leaderboards
Showdown
Live 5
Trivia Bingo
Activity
Puzzle Library
Sporcle Events
Private Events
Virtual Trivia
Globe League
Become a Host
Pub Owners
SporcleCon
Opinionation
Our Games
Videos
Blog
Mobile Apps
Partnerships
Remove Ads and Go Orange
Feedback
Geography
Country
Landmarks
City
State
Population
World
Capital
Continent
Flags
Europe
Africa
Asia
South America
North America
Oceania
Border
Canada
United Kingdom
Topography
United States
Geography
Country
Landmarks
City
State
Population
World
Capital
Continent
Flags
Europe
Africa
Asia
South America
North America
Oceania
Border
Canada
United Kingdom
Topography
United States
Random Quiz
Search Sporcle
×
Quiz Lab
Quiz Lab
Geography
point
Type in answers that appear in a list
Type in answers that appear in a list
Classic
Best Score? Go Orange.
Extremes of Nova Scotia Stats
Can you name the geographical extreme points of Nova Scotia?
By
SamGillis
5m
8 Questions
67 Plays
67 Plays
67 Plays
Comments
Comments
Give Quiz Kudos
Give Quiz Kudos
-
- Ratings
hide this ad
More Info
Replay
Link that replays current quiz
Next Quiz
Link to next quiz in quiz playlist
You Got
0%
They Got
Avg Score
46%
Avg Friend Score
Upgrade to see
Score Distribution
Jump to the score distribution portion of the page
Score
0/8
Timer
05:00
0
Plays Today
Classification
Community or Feature
% Correct
Northerly Community
Meat Cove
77.6%
Easterly Point
Cape Breton (the cape itself, not the island named after it)
58.2%
Southerly Point
Cape Sable Island
47.8%
Southerly Community
The Hawk
44.8%
Westerly Point
Brier Island
38.8%
Westerly Community
Westport
38.8%
Easterly Community
Main-à-Dieu
37.3%
Northerly Point
Cape St. Lawrence
29.9%
Quiz Playlist
Details
Report
Send in Message
Add To Playlist
More Info:
**NOTE** Excludes uninhabited islands, i.e. Sable Island and St. Paul Island).
Classic:
Type in answers that appear in a list
Quiz Source
Last Updated: Feb 16, 2017
Quiz Scoreboard
CHALLENGE
Sign Up to Join the Scoreboard
Show All
Scores
Hide
Comments
May contain spoilers
Recently Published
Billboard Blitz: Fleetwood Mac
by CooCooCachoo
Music
15s
Presidents Visiting Landmarks
by Hejman
History
7m
An Introduction to Baseball
by treessimontrees
Sports
5m
More to Explore
Quiz From the Vault
Featured Blog Post
Where Did the Easter Bunny Come From?
hide this ad
You Might Also Like...
Tags
classification
Community
Extreme
feature
Nova
Nova Scotia
point
scotia
Today's Top Quizzes in Geography
Browse Geography
hide this ad
Today's Top Quizzes in point
Browse point
Top Contributed Quizzes in Geography
1
Countries of the World - No Outlines Minefield
2
Top 25 Cities of France on a map
3
Any capital of a 'B' country per Continent
4
Closest Countries to UK A-Z
5
Any capital of a 'C' country per Continent
6
One Thing in Common: United Kingdom
7
Any capital of a 'D' country per Continent
8
5-to-1: US Geography No Hints
9
Any capital of an 'E' country per Continent
10
Find the Provinces of Canada - No Outlines Minefield
Explore More
Trending Topics
Disney
Crossword
Harry Potter
Marvel
Kpop
Anime
NBA
Soccer
The Office
Puzzle
Country
Song
NFL
Pokémon
WWE
hide this ad
More By:
SamGillis
Quiz
Plays
Rating
Category
Featured
Created
Towns of Nova Scotia
189
3.00
Geography
May 15, 2013
Extremes of Nova Scotia
67
4.00
Geography
May 20, 2013
Nova Scotia Towns by Satellite Image
32
Geography
Feb 11, 2022
Largest Lake by Nova Scotia County
29
4.00
Geography
Oct 11, 2016
Nova Scotia Towns by Satellite Image II (Harder)
21
Geography
Feb 11, 2022
Go to Creator's Profile
Score Distribution
Quiz Creator Spotlight
SamGillis
Follow
Send a Message
Quizzes Created
-
Created Quiz Play Count
-
More By This Creator
Popular Quizzes Today
1
Find the US States - No Outlines Minefield
2
Find the Countries of Europe - No Outlines Minefield
3
The Countries of the World
4
Find the US States
5
Popular People in 1961
6
US States
7
Risky Map Clicking: Biggest States A-Z
8
Movies - When Are They Set?
More Geography Quizzes
10 Most Populous Cities: Spain
Published
Trending Quizzes
Risky Map Clicking: Least Populous States A-Z
1-10 Letter G Words
1-10 Letter F Words
Risky Map Clicking: Next State Alphabetically
Risky Map Clicking: Biggest States A-Z
Recently Updated
Leaping Animals
pecheneg
Reality TV Shows (A-Z)
bhenderson79
Rickey Henderson's Hall of Fame Teammates
pecheneg
Champions League XIs: Arsenal
pecheneg
Quick Pick: Celebrities in WWE's Hall of Fame
aduchscher
A-Z Keypad Blitz II
pecheneg
Multiple Oscar Actors
pecheneg
Mystery Phrase Blitz: Oscar 'Best Actors'
pecheneg
F. Scott Fitzgerald Novels
LTH
Pick 3 Villains
ddd62291
Trending Topics
Harry Potter
Crossword
Kpop
Anime
Disney
Marvel
NBA
Song
Pokémon
NFL
Country
The Office
Soccer
Puzzle
WWE
Your Account Isn't Verified!
In order to create a playlist on Sporcle, you need to verify the email address you used during registration. Go to your
Sporcle Settings
to finish the process.
Report this User
Report this user for behavior that violates our
Community Guidelines
.
Details:
Send Report
Go to the Sporcle.com Mobile Site →
Comments